[Event "Berlin Lichtenberger op 16th"]
[Site "Berlin"]
[Date "2017.08.24"]
[Round "6"]
[White "Sivri, Gorkem"]
[Black "Berger, Steve"]
[Result "1/2-1/2"]
[WhiteElo "2148"]
[BlackElo "2412"]
[PlyCount "65"]
[EventDate "2017.08.19"]
[EventType "swiss"]
[EventRounds "9"]
[EventCountry "GER"]
[SourceTitle "CBM 180 Extra"]
[Source "ChessBase"]
[SourceDate "2017.10.06"]
[SourceVersion "1"]
[SourceVersionDate "2017.10.06"]
[SourceQuality "1"]

1. d4 Nf6 2. Nf3 c5 3. e3 d5 4. Bd3 Nc6 5. 0-0 Bg4 6. Be2 e6 7. h3 Bh5 8. b3 Rc8 9. Bb2 cxd4 10. exd4 Bd6 11. Ne5 Bxe2 12. Qxe2 0-0 13. Nd2 Qe7 14. a3 a6 15. c4 dxc4 16. Ndxc4 Nd5 17. Rfc1 Bb8 18. Nd2 Nxe5 19. dxe5 Qg5 20. Ne4 Nf4 21. Qf3 Qf5 22. Nd6 Bxd6 23. exd6 Rcd8 24. Rd1 Rd7 25. g4 Qg5 26. Bc1 e5 27. Bxf4 exf4 28. Rd5 Qf6 29. Rad1 Rfd8 30. Qd3 g6 31. a4 h6 32. Kg2 Kg7 33. Rd2 1/2-1/2

[Event "Istanbul op-A 12th"]
[Site "Istanbul"]
[Date "2013.10.13"]
[Round "2"]
[White "Guzel, Fatih"]
[Black "Sivri, Gorkem"]
[Result "0-1"]
[WhiteElo "1911"]
[BlackElo "2197"]
[PlyCount "58"]
[EventDate "2013.10.12"]
[EventType "swiss"]
[EventRounds "9"]
[EventCountry "TUR"]
[SourceTitle "EXT 2014"]
[Source "ChessBase"]
[SourceDate "2013.11.20"]
[SourceVersion "1"]
[SourceVersionDate "2013.11.20"]
[SourceQuality "1"]

1. e4 c6 2. d4 d5 3. f3 dxe4 4. fxe4 e5 5. Nf3 Be6 6. Bg5 f6 7. Be3 Qb6 8. Nbd2 Nd7 9. Nb3 Nh6 10. h3 Nf7 11. Bd3 0-0-0 12. Qe2 Bxb3 13. axb3 exd4 14. Bxd4 Bc5 15. Bc3 Bb4 16. 0-0-0 Bxc3 17. bxc3 Nfe5 18. Kb2 Rhe8 19. Rhe1 Kb8 20. Nd4 Nc5 21. Qd2 Ncxd3+ 22. cxd3 c5 23. Nf5 Nxd3+ 24. Kc2 c4 25. b4 Nxb4+ 26. cxb4 Rxd2+ 27. Rxd2 Qxb4 28. Nd4 c3 29. Rb1 Qxb1+ 0-1

[Event "Istanbul op-A 12th"]
[Site "Istanbul"]
[Date "2013.10.12"]
[Round "1"]
[White "Sivri, Gorkem"]
[Black "Erim, Engin"]
[Result "1-0"]
[WhiteElo "2197"]
[BlackElo "1771"]
[PlyCount "75"]
[EventDate "2013.10.12"]
[EventType "swiss"]
[EventRounds "9"]
[EventCountry "TUR"]
[SourceTitle "EXT 2014"]
[Source "ChessBase"]
[SourceDate "2013.11.20"]
[SourceVersion "1"]
[SourceVersionDate "2013.11.20"]
[SourceQuality "1"]

1. b3 e5 2. Bb2 Nc6 3. e3 d5 4. Bb5 e4 5. Qh5 Nf6 6. Qe5+ Be7 7. Bxc6+ bxc6 8. Ba3 Be6 9. Bxe7 Qxe7 10. Ne2 0-0 11. h3 a5 12. Nbc3 h6 13. 0-0 Qd6 14. Qg3 Qxg3 15. Nxg3 Nd7 16. d3 exd3 17. cxd3 Nb6 18. Rfc1 Rfd8 19. Nce2 Rd6 20. Nd4 Bd7 21. Ngf5 Bxf5 22. Nxf5 Rf6 23. Ne7+ Kf8 24. Nxc6 Ke8 25. Rc5 a4 26. b4 Rd6 27. a3 Nd7 28. Rc3 Nf8 29. Nd4 Rc8 30. Rac1 Kd7 31. Nb5 c6 32. Nxd6 Kxd6 33. d4 Ne6 34. b5 c5 35. dxc5+ Rxc5 36. Rxc5 Nxc5 37. b6 Nb7 38. Rc7 1-0

[Event "TUR-chT2"]
[Site "Konya"]
[Date "2011.07.10"]
[Round "9"]
[White "Baltag, Iulian"]
[Black "Sivri, Gorkem"]
[Result "1/2-1/2"]
[WhiteElo "2419"]
[BlackElo "2207"]
[PlyCount "103"]
[EventDate "2011.07.04"]
[EventType "team-swiss"]
[EventRounds "9"]
[EventCountry "TUR"]
[SourceTitle "CBM 143 Extra"]
[Source "ChessBase"]
[SourceDate "2011.08.29"]
[SourceVersion "1"]
[SourceVersionDate "2011.08.29"]
[SourceQuality "1"]
[WhiteTeam "Taskinkoy KKTC"]
[BlackTeam "Azdur Ordu"]
[WhiteTeamCountry "TUR"]
[BlackTeamCountry "TUR"]

1. e4 e5 2. Nf3 Nc6 3. Bb5 a6 4. Ba4 Nf6 5. 0-0 Be7 6. Re1 d6 7. Bxc6+ bxc6 8. d4 exd4 9. Nxd4 Bd7 10. Nc3 0-0 11. Qf3 Re8 12. e5 dxe5 13. Nxc6 Bxc6 14. Qxc6 Qd7 15. Qc4 Qf5 16. Ne4 Bd6 17. Bd2 Nxe4 18. Qxe4 Qxe4 19. Rxe4 f5 20. Rc4 Rab8 21. b3 Rb5 22. Kf1 Rc5 23. Rxc5 Bxc5 24. Bc3 Kf7 25. Rd1 Bd6 26. Rd5 Ke6 27. Ra5 Ra8 28. Ke2 e4 29. g3 g6 30. f3 exf3+ 31. Kxf3 c6 32. Ra4 g5 33. Bd2 g4+ 34. Ke2 h5 35. Rc4 Kd5 36. Kd3 c5 37. Bf4 Be7 38. Ra4 h4 39. a3 hxg3 40. hxg3 Bd8 41. Rc4 Bb6 42. Kd2 Rh8 43. Kc1 Rh1+ 44. Kd2 Rh2+ 45. Kd3 Rf2 46. Ke3 Rh2 47. Kd3 Rf2 48. Bb8 Rf3+ 49. Ke2 Bd8 50. Bf4 Bb6 51. Ra4 a5 52. Rc4 1/2-1/2

[Event "Antalya op"]
[Site "Antalya"]
[Date "2002.02.28"]
[Round "7"]
[White "Ataman, Alper Efe"]
[Black "Sivri, Gorkem"]
[Result "1-0"]
[WhiteElo "2182"]
[BlackElo "2103"]
[PlyCount "75"]
[EventDate "2002.02.22"]
[EventType "swiss"]
[EventRounds "9"]
[EventCountry "TUR"]
[SourceTitle "CBM 086 Extra"]
[Source "ChessBase"]
[SourceDate "2002.03.14"]
[SourceVersion "1"]
[SourceVersionDate "2002.03.14"]
[SourceQuality "1"]

1. d4 Nf6 2. c4 e6 3. Nf3 b6 4. e3 Bb7 5. Bd3 Bb4+ 6. Nbd2 c5 7. 0-0 Nc6 8. dxc5 bxc5 9. e4 Qc7 10. Qe2 Ng4 11. Nb3 Nd4 12. Nbxd4 cxd4 13. h3 h5 14. e5 Qc6 15. a3 Be7 16. b4 0-0-0 17. c5 f6 18. b5 Qxc5 19. Bf4 fxe5 20. Rac1 exf4 21. Rxc5+ Bxc5 22. hxg4 hxg4 23. Ng5 Rh4 24. f3 gxf3 25. Nxf3 Rh5 26. Rc1 Rdh8 27. Kf2 Kb8 28. a4 Bb6 29. Qa2 Ba5 30. Qa3 Ka8 31. Qe7 g5 32. Nxg5 Bd8 33. Qxd7 Bxg5 34. Be4 Bh4+ 35. Kf1 Rd5 36. Qxe6 Rhd8 37. Bxd5 Bxd5 38. Rc8+ 1-0

[Event "Antalya op"]
[Site "Antalya"]
[Date "2002.02.25"]
[Round "4"]
[White "Sivri, Gorkem"]
[Black "Ignjatovic, Miroslav"]
[Result "1-0"]
[WhiteElo "2103"]
[BlackElo "2002"]
[PlyCount "77"]
[EventDate "2002.02.22"]
[EventType "swiss"]
[EventRounds "9"]
[EventCountry "TUR"]
[SourceTitle "CBM 086 Extra"]
[Source "ChessBase"]
[SourceDate "2002.03.14"]
[SourceVersion "1"]
[SourceVersionDate "2002.03.14"]
[SourceQuality "1"]

1. Nf3 Nf6 2. c4 h6 3. Nc3 g6 4. d4 d5 5. cxd5 Nxd5 6. Bd2 Bg7 7. Qc1 Nc6 8. e4 Nb6 9. d5 Ne5 10. Nxe5 Bxe5 11. Bxh6 a6 12. Bf4 Bxf4 13. Qxf4 Qd6 14. e5 Qc5 15. 0-0-0 Bf5 16. Qd4 Qxd4 17. Rxd4 0-0-0 18. Rd1 Kb8 19. Be2 Nd7 20. g4 Bxg4 21. Bxg4 Nxe5 22. Be2 Nd7 23. h4 Nf6 24. Bf3 Nh5 25. Rde1 Rde8 26. Re5 Nf4 27. Kc2 f6 28. Re4 g5 29. hxg5 Rxh1 30. Bxh1 fxg5 31. Re5 g4 32. Kd2 Nh3 33. Ke3 Rf8 34. Ne4 Nf4 35. Nc5 Kc8 36. Rxe7 Nh3 37. Ne6 Rxf2 38. Rxc7+ Kb8 39. d6 1-0